Electrochemistry: principles, methods, and applications (Record no. 1213939)

MARC details
000 -LEADER
fixed length control field 01035nam a2200313Ia 4500
003 - CONTROL NUMBER IDENTIFIER
control field OSt
005 - DATE AND TIME OF LATEST TRANSACTION
control field 20221007124710.0
008 - FIXED-LENGTH DATA ELEMENTS--GENERAL INFORMATION
fixed length control field 221006b |||||||| |||| 00| 0 eng d
020 ## - INTERNATIONAL STANDARD BOOK NUMBER
International Standard Book Number 0198553889 (pbk)
037 ## - SOURCE OF ACQUISITION
Terms of availability Textual
040 ## - CATALOGING SOURCE
Original cataloging agency CDL
Transcribing agency CDL
Language of cataloging eng
041 ## - LANGUAGE CODE
Source of code eng
Language code of text/sound track or separate title eng
100 ## - MAIN ENTRY--PERSONAL NAME
Personal name Brett Christopher M.A
9 (RLIN) 720133
245 #0 - TITLE STATEMENT
Title Electrochemistry: principles, methods, and applications
Remainder of title Brett Ana maria oliveira
260 ## - PUBLICATION, DISTRIBUTION, ETC.
Place of publication, distribution, etc. New
Name of publisher, distributor, etc. york OUP
Date of publication, distribution, etc. 1993
300 ## - PHYSICAL DESCRIPTION
Extent xxviii, 427p. ill.
Dimensions cm.
500 ## - GENERAL NOTE
General note Appendices A1-A4 395-418p.; Index 419-427p.; Reprint 2005.
650 ## - SUBJECT ADDED ENTRY--TOPICAL TERM
Topical term or geographic name entry element Corrosion
9 (RLIN) 720134
650 ## - SUBJECT ADDED ENTRY--TOPICAL TERM
Topical term or geographic name entry element Electrochemical experiments
9 (RLIN) 720135
650 ## - SUBJECT ADDED ENTRY--TOPICAL TERM
Topical term or geographic name entry element Mass transport
9 (RLIN) 720136
650 ## - SUBJECT ADDED ENTRY--TOPICAL TERM
Topical term or geographic name entry element Interfacial region
9 (RLIN) 720137
700 ## - ADDED ENTRY--PERSONAL NAME
Personal name Brett Ana maria oliveira
9 (RLIN) 720138
942 ## - ADDED ENTRY ELEMENTS (KOHA)
Classification part E:26, N3 Carc
Koha item type Textual
Source of classification or shelving scheme Colon Classification (CC)
Holdings
Withdrawn status Lost status Source of classification or shelving scheme Damaged status Not for loan Home library Current library Date acquired Total Checkouts Full call number Barcode Date last seen Price effective from Koha item type
    Colon Classification (CC)     Department of Chemistry Library Department of Chemistry Library 2022-10-07   E:26 N3 Carc CD0008898 2022-10-07 2022-10-07 Textual
Copyright @ Delhi University Library System